Classement du Ballon d'or 1995 - Statistiques

Statistiques générales
  • Ce quiz a été pris 100 fois
  • Le résultat moyen est 11 sur 34
Statistiques - réponses
Classement Joueur Club du joueur Nationalité % Correct
1 George Weah Paris Saint-Germain / AC Milan Liberia
99%
7 Paolo Maldini AC Milan Italie
82%
4 Alessandro Del Piero Juventus FC Italie
74%
9 Matthias Sammer Borussia Dortmund Allemagne
57%
11 Marcel Desailly AC Milan France / Ghana
56%
3 Jari Litmanen Ajax Amsterdam Finlande
54%
23 Roberto Baggio Juventus FC Italie
54%
32 Luis Figo Sporting Portugal / FC Barcelone Portugal
53%
26 Ronaldo PSV Eindhoven Brésil
53%
10 Michael Laudrup Real Madrid Danemark
49%
17 Davor Suker Séville FC Croatie
47%
20 Gabriel Batistuta ACF Fiorentina Argentine
47%
5 Patrick Kluivert Ajax Amsterdam Pays-Bas / Suriname
47%
21 Franco Baresi AC Milan Italie
39%
33 Alan Shearer Blackburn Rovers Angleterre
38%
12 Frank Rijkaard Ajax Amsterdam / Sans club Pays-Bas / Suriname
32%
2 Jürgen Klinsmann Tottenham Hotspur / Bayern Munich Allemagne
29%
18 Fernando Hierro Real Madrid Espagne
28%
15 Hristo Stoitchkov FC Barcelone / Parme AC Bulgarie
24%
8 Marc Overmars Ajax Amsterdam Pays-Bas
22%
31 Bebeto Deportivo La Corogne Brésil
15%
25 Zvonimir Boban AC Milan Croatie
15%
16 Dejan Savicevic AC Milan Yougoslavie
14%
34 Ian Wright Arsenal FC Angleterre
13%
28 Ivan Zamorano Real Madrid Chili
13%
6 Gianfranco Zola Parme AC Italie
11%
19 Gianluca Vialli Juventus FC Italie
11%
30 Vitor Baia FC Porto Portugal
11%
29 Andreas Möller Borussia Dortmund Allemagne
7%
13 Fabrizio Ravanelli Juventus FC Italie
7%
22 Finidi George Ajax Amsterdam Nigéria
7%
14 Paulo Sousa Juventus FC Portugal
7%
24 Anthony Yeboah Eintracht Francfort / Leeds United Ghana
4%
27 Juan Esnaider Real Saragosse / Real Madrid Argentine
3%
Aucun quiz correspondant
Distribution des résultats
% des personnes avec chaque résultat
Percentile par nombre de réponses
Votre historique - résultats
Vous n’avez pas pris ce quiz